000 00980nam a2200229Ii 4500
003 JO-AjNU
008 230605s9999||||xx |||||||||||||| ||und||
017 _a2021/7698
020 _a978-977-6746-36-7
040 _aJO-AjNU
_bara
_erda
_cJO-AjNU
041 _aara
050 1 4 _aBF723.E9.M34 2021
100 3 _aتاليف محمد،عادل عبدالله؛م. مشارك امال احمد مصطفى ,
_eauthor
_961758
245 0 0 _aالطلاب الموهوبون ذوو الإعاقات التعليمية: (صعوبات التعلم-عسر القراءة-التاخر المدرسي )
250 _aط1
264 3 1 _aالاسكندرية:مؤسسة حورس الدولية، الريادة للنشر،2021
300 _a298ص
336 _atext
_btxt
_2rdacontent
337 _aunmediated
_bn
_2rdamedia
338 _avolume
_bnc
_2rdacarrier
650 4 _aالطلاب العوقون-تعليم-التاخر المدرسي-الطلاب بطيئو التعلم
_961759
999 _aA27932
_c31500
_d31500